| 000 | 00793cam a2200181 4500 | ||
|---|---|---|---|
| 001 | ABS60924 | ||
| 008 | 000000n1999 000 0 eng u | ||
| 035 | _a(Sirsi) u101465 | ||
| 100 | _aSands, D. | ||
| 245 | _aGlobal warming hazard. | ||
| 260 | _c1999 | ||
| 490 |
_aEstates Gazette _v(9927) 10 July 1999, 52-53(2) |
||
| 520 | _aReports on a speech by Klaus Hohmann, managing director of Dresdner Bank's open-ended fund, Degi, at the Pan-European Property Investment conference. He warned that the German funds must improve their performance to compete with other property funds and asset classes. Table of open-ended funds' foreign holdings. | ||
| 650 | _aEUROPE | ||
| 650 | _aGERMANY | ||
| 690 | _aPROPERTY-COMMERCIAL PROPERTY-COMMERCIAL PROPERTY FINANCE AND INVESTMENT | ||
| 942 | _n0 | ||
| 999 |
_c60598 _d60598 |
||